000 00296nam a22001337a 4500
008 181011b xxu||||| |||| 00| 0 eng d
020 _a9781623650544
041 _aeng
080 _a510
100 _a36
101 _aMAT
245 _aMath in 100 Key Breakthroughs
_cElwes,R
942 _2udc
_cBK
999 _c49416
_d49416